zpět

Detail výsledku týmu

Klub Tyjátr, Svitavy

Datum a čas kvízu

16.5 Celkem bodů Celkový počet nahraných bodů na tomto kvízu bez doplňovacích otázek.
8. Pořadí na kvízu Konečné umístění týmu na tomto kvízu.

Zaznamenané odpovědi

# Otázka Odpověď Body Výsledky
1. Jak se jmenuje první kompletně... Olbrachtova 0
2. Minulý týden informovala média... C 1
3. Nebyl by to ten správný Hallow... Medusu/Gorgonu 0
4. Známý dánský pivovar představi... Carlsberg 0
5. Julie Zárybnická získala minul... V judu 1
6. Ačkoliv je čas večeře, věnujem... vejce; slaninu 1
7. Od slané ke sladké snídani. V... javorový sirup 1
8. „Snídaně v trávě“ není název: D 1
9. Když vyrazíme od Mumlavského v... Krakonošova snídaně 0
10. Mnozí z nás si snídani bez káv... cascara 0